• 首页
  • 本馆介绍
  • 公告通知
  • 最新文献
  • 馆藏检索
  • 电子资源
  • 读者导购
  • 参考咨询
  • 我的图书馆
  • 登录
  • 详细信息显示
  • 放入我的书架
  • 预约/预借图书
  • 作者相关作品
  • 分类相关作品
  • 丛书相关作品
  • 出版社相关作品

书目信息

  • 表格格式
  • 工作单格式
  • 卡片格式
题名:
近代民本思想转型史
    
 
作者: 徐忱 著
分册:  
出版信息: 上海   上海三联书店  2022.01
页数: 11, 380页
开本: 23cm
丛书名:
单 册:
中图分类: D092.5
科图分类:
主题词: 民本思想--min ben si xiang--政治思想史--研究--中国--近代
电子资源:
ISBN: 978-7-5426-7542-2
000 01052nam0 2200241 450
001 2248545550
005 20221004133003.54
010    @a978-7-5426-7542-2@b精装@dCNY98.00
100    @a20211213d2022 em y0chiy50 ea
101 0  @achi
102    @aCN@b310000
105    @aa a 000yy
200 1  @a近代民本思想转型史@Ajin dai min ben si xiang zhuan xing shi@f徐忱著
210    @a上海@c上海三联书店@d2022.01
215    @a11, 380页@c图@d23cm
314    @a徐忱, 南开大学法学博士、赣州师范高等专科学校教师。
320    @a有书目 (第368-380页)
330    @a全书以中国传统民本思想的发展脉络和内在价值为主线, 论述民本思想在近代转型期间, 面对西方平等、自由、权利等观念的冲击而作出的坚守、改变与选择的思想过程。书中梳理了近代之前的几次重要转型过程, 以平等、自由、权利等政治价值观念为标尺, 通过研究近代思想家思想理论及其政治实践过程, 展现民本思想近代转型的思想历史。
606 0  @a民本思想@Amin ben si xiang@x政治思想史@x研究@y中国@z近代
690    @aD092.5@v5
701  0 @a徐忱@Axu chen@4著
801  0 @aCN@b人天书店@c20211213
905    @aZUCC@dD092.5@e2
    
    近代民本思想转型史/徐忱著.-上海:上海三联书店,2022.01
    11, 380页:图;23cm
    
    
    ISBN 978-7-5426-7542-2(精装):CNY98.00
    全书以中国传统民本思想的发展脉络和内在价值为主线, 论述民本思想在近代转型期间, 面对西方平等、自由、权利等观念的冲击而作出的坚守、改变与选择的思想过程。书中梳理了近代之前的几次重要转型过程, 以平等、自由、权利等政治价值观念为标尺, 通过研究近代思想家思想理论及其政治实践过程, 展现民本思想近代转型的思想历史。
●
相关链接 在五车中查询图书 在当当中查询图书 在豆瓣中查询图书


正题名:近代民本思想转型史     索取号:D092.5/2         预约/预借

序号 登录号 条形码 馆藏地/架位号 状态 备注
1 2000910946   2000910946   第三书库/ [索取号:D092.5/2] 在馆    
2 2000910947   2000910947   第三书库/ [索取号:D092.5/2] 在馆    
3 2000910948   2000910948   第三书库/ [索取号:D092.5/2] 在馆    
山东省滨州职业学院图书馆 欢迎您!
大连网信软件有限公司© 版权所有